02742nam a2200241Ia 4500003000400000005001700004008004100021020001800062040002100080041000800101082002300109100004300132245013000175250001800305260004800323300007700371500004800448505046600496520142200962650003402384700003702418700004502455OSt20210602180822.0210310q2010 sp ad gr 000 0dspa d a9788492735907 aCO-JMCRcCO-JMCR0 aspa04a333.7 /bL841a2231 aLombardero Rodil, José Luis, eautor10aAuditorías ambientales / cJosé Luis Lombardero Rodil, Eva Iglesias Guzmán, Federico Velázquez de Castro, [1 y más] a3ra edición aMadrid : bBureau Business Scholl, c[2010] a375 páginas : bilustraciones y gráficas a blanco y negro ; c23 cm. aIncluye datos biográficos de los autores.0 aGestión ambiental -- Sistema de gestión ambiental ISO 140001 --Requisitos generales y política -- Planificación de la implantación -- Implementación y operación de SGA -- Verificación y revisión por la dirección -- Auditorias ambientales -- Normativa aplicable al proceso de auditoria -- Perfil del auditor según ISO 19011 -- Planificación y reparación de la auditoria -- Proceso de auditoria -- Informe y seguimiento de la auditoría3 aEn los últimos años, el elevado incremento tanto en número como en complejidad de disposiciones legales en materia de Medio Ambiente, un mercado cada vez más competitivo y el aumento de la concienciación social, han convertido la Gestión Ambiental en una exigencia indispensable para la supervivencia de las empresas. El conjunto de actividades que conforman la Gestión Ambiental en una Organización tiene como objetivo controlar sus operaciones en lo relativo al Medio Ambiente, partiendo de un escalón inicial de aseguramiento del cumplimiento de los requisitos legales, tan amplios en materia, a metas más altas, como la implantación de un Sistema de Gestión Ambiental, que capacite a la organización a alcanzar el nivel de desempeño ambiental por ella misma propuesto y atender a la presión social cada día más exigente con la conservación del Medio Ambiente. Las Auditorias Ambientales son, cada vez más, herramientas de amplia aplicación tanto para el autodiagnóstico de la Gestión Ambiental de las Organizaciones como para el reconocimiento por una Entidad de Certificación que conduzca a la obtención de un certificado que acredite su conformidad con los requisitos establecidos por estándares promovidos por diferentes agentes, desde la Unión Europea hasta las Organizaciones Internacionales, teniendo especial relevancia la Norma Internacional ISO 14001.14aAuditoría ambientalxNormas1 aIglesias Guzmán, Eva, eautora1 aVelázquez de Castro, Federico, eautor